000 00887nmc a2200325 a 4500
003 AR-BaBNM
005 20251128204638.0
008 046119s1976 ||||||||||||||000 | spa||
040 _cAR-BaBNM
100 1 _aConstant, Benjamin
_d1767-1830
245 1 0 _aReflexiones sobre el teatro alemán
260 _aBuenos Aires
_bHachette
_c1976
300 0 _a85 p.
490 0 _aLas ideas y las formas
600 1 4 _aSchiller, Friedrich
600 1 4 _aGoethe, Johann Wolfgang Von
650 4 _aCRITICA LITERARIA
650 4 _aTEATRO
650 4 _aLITERATURA ALEMANA
650 4 _aESCRITORES
650 4 _aROMANTICISMO
650 4 _aSIGLO DIECINUEVE
650 4 _aHISTORIA LITERARIA
653 _aESTUDIOS LITERARIOS
655 _aLITERATURA
700 1 _aGarcía Martínez, J.A.
_etraductor
800 1 _aGarcía Martínez, J.A.
_edirector
942 _cBK
998 _cMARTIN
999 _c8214
_d8214